02050cam a22004214i 450000100090000000300040000900500170001300800410003001000170007102000460008802000470013402000260018104000280020704200080023505000210024308200180026424501440028226400440042630000450047033600260051533700280054133800270056950400410059652005260063765000310116365000280119465000300122265000230125265000230127565000210129865000220131970000210134170000210136290600450138394200420142895201410147099900170161118809606OSt20231206112950.0151006s2016 enka b 000 0 eng  a 2015019553 a9781138776661 (hardback : alkaline paper) a9781138776753 (paperback : alkaline paper) z9781315672908 (ebook) aDLCbengcDLCerdadDLC apcc00aGN406b.G56 201600a306.46bGER/G04aThe global lives of things :bthe material culture of connections in the early modern world /cedited by Anne Gerritsen and Giorgio Riello. 1aLondon ;aNew York :bRoutledge,c2016. axvo. 265 [ages "billustrations ;c24 cm atextbtxt2rdacontent aunmediatedbn2rdamedia avolumebnc2rdacarrier aIncludes bibliographical references.2 a"The Global Lives of Things considers the ways in which 'things,' ranging from commodities, to works of art and precious materials, participated in the shaping of 'globalisation' in the early modern period. This volume traces the movements of objects through human networks of commerce, colonialism and curiosity. It argues that material objects mediated between the forces of global economic exchange and the constantly changing identities of individuals, as they were drawn into global circuits"--Provided by publisher. 0aMaterial culturexHistory. 0aGlobalizationxHistory. 0aSocial networksxHistory. 0aCommercexHistory. 0aColoniesxHistory. 0aHistory, Modern. 0aEconomic history.1 aGerritsen, Anne.1 aRiello, Giorgio. a7bcbccorignewd1eecipf20gy-gencatlg 2ddccBKh306.46iGER/Gk306.46mGER/G 00102ddc40708SOCIAL SCIENCEaMESbMEScHISd2023-12-06l0o306.46 GER/Gp43959r2023-12-06 11:28:33v1595.00w2023-12-06yBKzGL42R1 c43778d43778